Juegos musicales para jardines de infantes y grados inferiores de la escuela primaria, con una clave del ritmo para los que no poseen instrumento musical o no conocen música
Na minha lista:
| Main Authors: | , |
|---|---|
| Formato: | Livro |
| Idioma: | espanhol |
| Publicado em: |
Buenos Aires
Víctor Lerú
1976
|
| Assuntos: | |
| Tags: |
Adicionar Tag
Sem tags, seja o primeiro a adicionar uma tag!
|
MARC
| LEADER | 00000nam a2200000 a 4500 | ||
|---|---|---|---|
| 001 | UCN1172 | ||
| 003 | CL-VaPUC | ||
| 008 | 010420e19760000AG |||||||||||||||||spa|d | ||
| 082 | 0 | 4 | |a 372.87 |b MOR |2 21 |
| 100 | |a Morbelli, Lilia F. de |e autora |9 307638 | ||
| 700 | 0 | |a Rexach de Descalzo, M. E |e author |9 456607 | |
| 245 | 1 | 0 | |a Juegos musicales para jardines de infantes y grados inferiores de la escuela primaria, con una clave del ritmo para los que no poseen instrumento musical o no conocen música |
| 300 | |a 118 p | ||
| 942 | |c BK | ||
| 945 | |d 20010420 00:00:00 |a crobeson | ||
| 260 | |a Buenos Aires |b Víctor Lerú |c 1976 | ||
| 650 | 0 | |a Enseñanza de la música |9 339802 | |
| 650 | 0 | |a Música infantil |9 309324 | |
| 650 | 0 | |a Juegos infantiles |9 307365 | |
| 583 | |a last modification |c 20010420 00:00:00 |k Rodrigo Vera | ||
| 999 | |c 294747 |d 294745 | ||
| 952 | |0 0 |1 0 |4 0 |6 372_870000000000000_MOR_1976 |7 0 |8 A |9 347458 |a BIBEDU |b BIBEDU |d 2019-11-20 |i 1248855 |o 372.87 MOR 1976 |p 1248855 |r 2022-01-17 |w 2019-11-20 |y BK |k MUS | ||